<?xml version="1.0" encoding="UTF-8"?>
<record
    xmlns:xsi="http://www.w3.org/2001/XMLSchema-instance"
    xsi:schemaLocation="http://www.loc.gov/MARC21/slim http://www.loc.gov/standards/marcxml/schema/MARC21slim.xsd"
    xmlns="http://www.loc.gov/MARC21/slim">

  <leader>04143nam a2200325 a 4500</leader>
  <controlfield tag="003">OSt</controlfield>
  <controlfield tag="005">20250910090756.0</controlfield>
  <controlfield tag="007">cr ||||||a|a|a</controlfield>
  <controlfield tag="008">250815s2025    mx a|||fom||| 001 0 spa d</controlfield>
  <datafield tag="040" ind1=" " ind2=" ">
    <subfield code="e">rda</subfield>
  </datafield>
  <datafield tag="100" ind1="1" ind2=" ">
    <subfield code="a">Hern&#xE1;ndez Galilndo, Diego Armando</subfield>
    <subfield code="9">190945</subfield>
  </datafield>
  <datafield tag="245" ind1="1" ind2="0">
    <subfield code="a">Establecimiento de un vivero forestal de Quercus muehlenbergii Engelm en Cutzontipa, municipio Tlaola, Puebla/</subfield>
    <subfield code="c">por Diego Armando Hern&#xE1;ndez Galindo; director de tesis Mar&#xED;a Guadalupe Vargas Cabrera; secretario &#xC1;ngel Leyva Ovalle; vocal Yolanda Franco Islas; suplente Sa&#xFA;l Casta&#xF1;eda D&#xED;az; suplente Ro Linx Granados Victorino.</subfield>
  </datafield>
  <datafield tag="264" ind1=" " ind2="1">
    <subfield code="a">Chapingo, M&#xE9;xico :</subfield>
    <subfield code="b">El autor,</subfield>
    <subfield code="c">2025.</subfield>
  </datafield>
  <datafield tag="300" ind1=" " ind2=" ">
    <subfield code="a">1 recurso en l&#xED;nea (54 p&#xE1;ginas):</subfield>
    <subfield code="b">cuadros, figuras.</subfield>
  </datafield>
  <datafield tag="336" ind1=" " ind2=" ">
    <subfield code="2">rdacontent</subfield>
    <subfield code="a">texto</subfield>
    <subfield code="b">txt</subfield>
  </datafield>
  <datafield tag="337" ind1=" " ind2=" ">
    <subfield code="2">rdamedia</subfield>
    <subfield code="a">computadora</subfield>
    <subfield code="b">c</subfield>
  </datafield>
  <datafield tag="338" ind1=" " ind2=" ">
    <subfield code="2">rdacarrier</subfield>
    <subfield code="a">recurso en l&#xED;nea</subfield>
    <subfield code="b">cr</subfield>
  </datafield>
  <datafield tag="502" ind1=" " ind2=" ">
    <subfield code="b">IFI</subfield>
    <subfield code="c">DICIFO</subfield>
    <subfield code="d">2025.</subfield>
    <subfield code="g">LIC</subfield>
  </datafield>
  <datafield tag="504" ind1=" " ind2=" ">
    <subfield code="a">Incluye referencias bibliogr&#xE1;ficas:46-49 p&#xE1;ginas .</subfield>
  </datafield>
  <datafield tag="520" ind1=" " ind2=" ">
    <subfield code="a">Este trabajo se enfoc&#xF3; en la creaci&#xF3;n de un vivero especializado en la producci&#xF3;n de pl&#xE1;ntulas de Quercus, con el prop&#xF3;sito de promover la conservaci&#xF3;n de especies aut&#xF3;ctonas y la restauraci&#xF3;n de ecosistemas degradados. Se investig&#xF3; la viabilidad t&#xE9;cnica, econ&#xF3;mica y ambiental de establecer un vivero de Quercus, as&#xED; como los beneficios potenciales que este podr&#xED;a aportar a la biodiversidad local y a la sensibilizaci&#xF3;n ambiental de la comunidad. Se realiz&#xF3; el establecimiento de un vivero de Quercus muehlenbergii Engelm en la comunidad de Cutzontipa ubicada en el municipio de Tlaola, Puebla. La intenci&#xF3;n naci&#xF3; a partir de observar la carencia de material vegetal en la zona, esto debido a diversos factores como lo son: la tala de &#xE1;rboles, incendios, deforestaci&#xF3;n entre otros, tambi&#xE9;n de la observaci&#xF3;n de la nula reforestaci&#xF3;n. Para este proyect&#xF3; se realiz&#xF3; un recorrido aleatorio en bosques y parcelas para detectar presencia y n&#xFA;mero de individuos de Quercus muehlenbergii, encuesta a amas de casa y pobladores para conocer usos principales de la especie, iinvestigaci&#xF3;n bibliogr&#xE1;fica y virtual sobre caracter&#xED;sticas y necesidades, propuesta de establecimiento de un vivero forestal familiar no automatizado en Cutzontipa. El proyecto busca analizar la presencia y uso de Quercus muehlenbergii, comprender sus necesidades y caracter&#xED;sticas, y establecer un vivero forestal familiar en la comunidad de Cutzontipa. Se determin&#xF3; del estudio de factibilidad; que en la comunidad de Cutzontipa, donde se establecer&#xE1; el vivero es una zona en pleno desarrollo respecto a la producci&#xF3;n de pl&#xE1;ntulas de especies forestales. Son escasos los viveros cercanos al municipio de Tlaola que ofrecen planta de especies arb&#xF3;reas, pese a su demanda d&#xED;a a d&#xED;a crece. Lo anterior sirvi&#xF3; de base para establecer los principios en los que el vivero se basa para desarrollarse. Se espera que los datos recopilados en la investigaci&#xF3;n del proyecto, su desarrollo, an&#xE1;lisis y discusi&#xF3;n presentados sirvan de fundamento para que las instituciones oficiales y privadas relacionadas al tema, contribuyan a mejorar los puntos antes mencionados, apoyando y actualizando los esquemas, puntos de producci&#xF3;n, y con la posibilidad de contemplar el empleo de nuevas tecnolog&#xED;as, creaci&#xF3;n y acondicionamiento de infraestructura, as&#xED; como el empleo de semillas de especies arb&#xF3;reas nativas certificadas, indicando su procedencia y contar con los sustratos necesarios como envases adecuados acordes a los programas de reforestaci&#xF3;n para las &#xE1;reas rurales y urbanas.</subfield>
  </datafield>
  <datafield tag="650" ind1=" " ind2="4">
    <subfield code="a">Quercus muehlenbergii</subfield>
    <subfield code="x">Propagaci&#xF3;n</subfield>
    <subfield code="9">191170</subfield>
  </datafield>
  <datafield tag="650" ind1=" " ind2="4">
    <subfield code="a">Reforestaci&#xF3;n</subfield>
    <subfield code="x">Puebla</subfield>
    <subfield code="9">95504</subfield>
  </datafield>
  <datafield tag="700" ind1="1" ind2=" ">
    <subfield code="a">Vargas Cabrera, Mar&#xED;a Guadalupe</subfield>
    <subfield code="9">185890</subfield>
    <subfield code="e">director.</subfield>
  </datafield>
  <datafield tag="700" ind1="1" ind2=" ">
    <subfield code="a">Leyva Ovalle, Angel</subfield>
    <subfield code="9">66584</subfield>
    <subfield code="e">secretario.</subfield>
  </datafield>
  <datafield tag="700" ind1="1" ind2=" ">
    <subfield code="a">Franco Islas, Yolanda</subfield>
    <subfield code="9">42965</subfield>
    <subfield code="e">vocal.</subfield>
  </datafield>
  <datafield tag="700" ind1="1" ind2=" ">
    <subfield code="a">Casta&#xF1;eda D&#xED;az, Sa&#xFA;l</subfield>
    <subfield code="9">19903</subfield>
    <subfield code="e">suplente.</subfield>
  </datafield>
  <datafield tag="700" ind1="1" ind2=" ">
    <subfield code="a">Granados Victorino, Ro Linx</subfield>
    <subfield code="9">189617</subfield>
    <subfield code="e">suplente.</subfield>
  </datafield>
  <datafield tag="856" ind1=" " ind2=" ">
    <subfield code="u">http://10.13.5.2/tesis/tl/1511137-9_HERNANDEZ_GALINDO_DIEGOARMANDO.pdf</subfield>
    <subfield code="z">DESCARGAR PDF</subfield>
  </datafield>
  <datafield tag="942" ind1=" " ind2=" ">
    <subfield code="2">Clasificaci&#xF3;n Universidad Aut&#xF3;noma Chapingo</subfield>
    <subfield code="c">TD</subfield>
  </datafield>
  <datafield tag="999" ind1=" " ind2=" ">
    <subfield code="c">220816</subfield>
    <subfield code="d">220816</subfield>
  </datafield>
  <datafield tag="952" ind1=" " ind2=" ">
    <subfield code="0">0</subfield>
    <subfield code="1">0</subfield>
    <subfield code="2">local</subfield>
    <subfield code="4">0</subfield>
    <subfield code="5">1</subfield>
    <subfield code="7">0</subfield>
    <subfield code="8">TesDigL</subfield>
    <subfield code="a">BD</subfield>
    <subfield code="b">BD</subfield>
    <subfield code="c">E_L</subfield>
    <subfield code="d">2025-08-15</subfield>
    <subfield code="l">0</subfield>
    <subfield code="o">Tesis digital</subfield>
    <subfield code="r">2025-08-15 12:56:24</subfield>
    <subfield code="w">2025-08-15</subfield>
    <subfield code="y">TD</subfield>
  </datafield>
</record>
